Central Library || Chittagong University

Society and culture in Islam. (Record no. 109491)

MARC details
000 -LEADER
fixed length control field 00464nam a22001697a 4500
003 - CONTROL NUMBER IDENTIFIER
control field BD-ChCU
005 - DATE AND TIME OF LATEST TRANSACTION
control field 20251116142235.0
008 - FIXED-LENGTH DATA ELEMENTS--GENERAL INFORMATION
fixed length control field 251116b bg ||||| |||| 00| 0 ben d
040 ## - CATALOGING SOURCE
Transcribing agency BD-ChCU
082 ## - DEWEY DECIMAL CLASSIFICATION NUMBER
Classification number 297.4 SOC
100 ## - MAIN ENTRY--PERSONAL NAME
Personal name M. I. Inamul Hoque
9 (RLIN) 16239
245 ## - TITLE STATEMENT
Title Society and culture in Islam.
260 ## - PUBLICATION, DISTRIBUTION, ETC.
Place of publication, distribution, etc. Chittagong.
Name of publisher, distributor, etc. Dept. of Islamic History & Cultue C. U.
Date of publication, distribution, etc. 1986
300 ## - PHYSICAL DESCRIPTION
Extent 173p
650 #0 - SUBJECT ADDED ENTRY--TOPICAL TERM
Topical term or geographic name entry element Islamic - Societies.
9 (RLIN) 16241
942 ## - ADDED ENTRY ELEMENTS (KOHA)
Source of classification or shelving scheme Dewey Decimal Classification
Koha item type Books
Suppress in OPAC No
Holdings
Withdrawn status Lost status Source of classification or shelving scheme Damaged status Not for loan Home library Current library Shelving location Date acquired Source of acquisition Total Checkouts Full call number Barcode Date last seen Copy number Price effective from Koha item type
    Dewey Decimal Classification     Chittagong University Library Chittagong University Library Arts and Humanities Reading Room 11/16/2025 Purchase   297.4 SOC 150191 11/16/2025 C-1 11/16/2025 Books
    Dewey Decimal Classification     Chittagong University Library Chittagong University Library Arts and Humanities Reading Room 11/16/2025 Purchase   297.4 SOC 150192 11/16/2025 C-2 11/16/2025 Books
    Dewey Decimal Classification     Chittagong University Library Chittagong University Library Arts and Humanities Reading Room 11/16/2025 Purchase   297.4 SOC 150193 11/16/2025 C-3 11/16/2025 Books
    Dewey Decimal Classification     Chittagong University Library Chittagong University Library Arts and Humanities Reading Room 11/16/2025 Purchase   297.4 SOC 150194 11/16/2025 C-4 11/16/2025 Books
    Dewey Decimal Classification     Chittagong University Library Chittagong University Library Arts and Humanities Reading Room 11/16/2025 Purchase   297.4 SOC 150195 11/16/2025 C-5 11/16/2025 Books
    Dewey Decimal Classification     Chittagong University Library Chittagong University Library Arts and Humanities Reading Room 11/16/2025 Purchase   297.4 SOC 150196 11/16/2025 C-6 11/16/2025 Books
    Dewey Decimal Classification     Chittagong University Library Chittagong University Library Arts and Humanities Reading Room 11/16/2025 Purchase   297.4 SOC 150197 11/16/2025 C-7 11/16/2025 Books
    Dewey Decimal Classification     Chittagong University Library Chittagong University Library Arts and Humanities Reading Room 11/16/2025 Purchase   297.4 SOC 150198 11/16/2025 C-8 11/16/2025 Books
    Dewey Decimal Classification     Chittagong University Library Chittagong University Library Arts and Humanities Reading Room 11/16/2025 Purchase   297.4 SOC 150199 11/16/2025 C-9 11/16/2025 Books
    Dewey Decimal Classification     Chittagong University Library Chittagong University Library Arts and Humanities Reading Room 11/16/2025 Purchase   297.4 SOC 150200 11/16/2025 C-10 11/16/2025 Books
© Copyright 2025. Chittagong University Library, Installation and Maintenance by Prof. Dr. Md. Alamgir, 01711306253